Sabiduría en la enseñanza /
En esta corta ponencia se afirma que, si se hace una revisión de lo acaecido en medio siglo de historia universal, todo parece reducirse o concentrarse en un precepto, primordial, directo, escueto y lúcido: la educación. Por lo tanto, lo trascendental es poder cambiar de actitud a las personas, a lo...
Na minha lista:
| Autor principal: | |
|---|---|
| Autor Corporativo: | |
| Formato: | Desconhecido |
| Idioma: | Spanish |
| Assuntos: | |
| Tags: |
Adicionar Tag
Sem tags, seja o primeiro a adicionar uma tag!
|
MARC
| LEADER | 00000 a2200000 04500 | ||
|---|---|---|---|
| 001 | 4439 | ||
| 003 | CIDCACS | ||
| 005 | 20221128101340.0 | ||
| 008 | 221128b |||||||| |||| 00| 0 spa d | ||
| 040 | |c CIDCACS | ||
| 100 | 1 | |9 10838 |a Sáenz Gutiérrez, Guido |e Autor | |
| 245 | 1 | |a Sabiduría en la enseñanza / |c Guido Sáenz Gutiérrez | |
| 300 | |a páginas 159-160 | ||
| 520 | |a En esta corta ponencia se afirma que, si se hace una revisión de lo acaecido en medio siglo de historia universal, todo parece reducirse o concentrarse en un precepto, primordial, directo, escueto y lúcido: la educación. Por lo tanto, lo trascendental es poder cambiar de actitud a las personas, a los pueblos, mediante una enseñanza con sabiduría. EBZ/mb | ||
| 650 | |a HISTORIA SOCIAL | ||
| 650 | |a POLITICA | ||
| 650 | |a VALORES SOCIALES | ||
| 650 | |a EDUCACION | ||
| 651 | 0 | |9 32 |a COSTA RICA | |
| 710 | |a Universidad Nacional (Costa Rica) | ||
| 773 | 0 | |0 17141 |9 4797 |a Costa Rica. |d Heredia: UNA, 1993 |o 22321 |t Ideario Costarricense / |w (cru CIDCACS/IIS)4416 | |
| 942 | |2 ddc |c LI | ||
| 999 | |c 7001 |d 7001 | ||
